• 首页
  • 本馆介绍
  • 公告通知
  • 最新文献
  • 馆藏检索
  • 电子资源
  • 读者导购
  • 参考咨询
  • 我的图书馆
  • 登录
  • 详细信息显示
  • 放入我的书架
  • 预约/预借图书
  • 作者相关作品
  • 分类相关作品
  • 丛书相关作品
  • 出版社相关作品

书目信息

  • 表格格式
  • 工作单格式
  • 卡片格式
题名:
泡桐研究
    
 
作者: ;中国林业科学研究院泡桐组 , 河南省商丘地区林业局 编著
分册:  
出版信息: 北京   农业出版社  1980
页数: 266页
开本: 19cm
丛书名:
单 册:
中图分类: S792.43
科图分类:
主题词: 泡桐属--研究
电子资源:
ISBN: 16144.1904
000 00771nam0 2200241 450
001 0180009917
005 20100712215904.0
010    @a16144.1904@dCNY0.92
091    @a16144.1904
100    @a19950517d1980 kemy0chiy0110 ea
101 0  @achi
102    @aCN@b110000
105    @ay z 000yy
106    @ar
200 1  @a泡桐研究@9Pao Tong Yan Jiu @f中国林业科学研究院泡桐组,河南省商丘地区林业局编著
210    @a北京@c农业出版社@d1980
215    @a266页@d19cm
606 0  @a泡桐属@x研究
690    @aS792.43@v3
711 02 @a中国林业科学研究院泡桐组@9zhong guo lin ye ke xue yan jiu yuan pao tong zu@4编著
711 02 @a河南省商丘地区林业局@9he nan sheng shang qiu di qu lin ye ju@4编著
801  0 @aCN@bAzMarc@c20130904
905    @aBZT@dS792.43@e1@f1@sS792.43/1
    
    泡桐研究/中国林业科学研究院泡桐组,河南省商丘地区林业局编著.-北京:农业出版社,1980
    266页;19cm
    
    
    ISBN 16144.1904:CNY0.92
    
●
相关链接 在五车中查询图书 在当当中查询图书 在豆瓣中查询图书


正题名:泡桐研究     索取号:S792.43/1         预约/预借

序号 登录号 条形码 馆藏地/架位号 状态 备注
1 2000078998   2000078998   旧书回溯/ [索取号:S792.43/1] 在馆    
山东省滨州职业学院图书馆 欢迎您!
大连网信软件有限公司© 版权所有